000 00567nam a22001577a 4500
003 macl
005 20171003131508.0
008 171003b xxu||||| |||| 00| 0 eng d
040 _cmacl
082 _a333
100 _aसिंह,कुलदीप
_969309
245 _aपर्यावरण संरक्षण के प्रति हमारा दायित्‍व
260 _aउत्‍तर प्रदेश
_bअाराधना पब्लिकेशन
_c2016
650 _aपर्यावरण
_936465
942 _2ddc
_cHIN
999 _c57085
_d57085